01096cam a2200265 4500001001300000003000400013005001700017008004100034010001700075025001900092040001800111050002000129082001400149111008500163245007200248260003200320300002400352504002900376500023200405651003600637700002300673710004200696710007500738999001700813sa 68004320 DLC20260227112501.0681119s1966 ii b 100 0 eng  asa 68004320  aPL480:I-E-6161 aDLCcDLCdDLC00aJQ218b.S4 196500a320/.09542 aSeminar on the Dilemmas of Democratic Politics in India,cDharwar, India,d1965.10aDilemmas of democratic politics in India,cedited by G. S. Halappa. aBombay,bManaktalasc[1966] axiv, 295 p.c23 cm. aIncludes bibliographies. a"This volume is the outcome of the Seminar on the Dilemmas of Democratic Politics in India organized under the joint auspices of the U.G.C. and the Department of Political Science, Karnatak University Dharwar, in January 1965." 0aIndiaxPolitics and government.1 aHālappa, Ga. Sa.1 aIndia.bUniversity Grants Commission.2 aKarnatak University, Dharwar, India.bDepartment of Political Science. c80117d80117